La Luftwaffe : cota de ataque 4.000 /
Furkejuvvon:
| Váldodahkki: | |
|---|---|
| Materiálatiipa: | Girji |
| Giella: | espánnjágiella |
| Almmustuhtton: |
Barcelona, España :
Bruguera,
1968, c1968
|
| Preanttus: | 2a edición |
| Ráidu: | (Círculo Azul)
|
| Fáttát: | |
| Fáddágilkorat: |
Eai fáddágilkorat, Lasit vuosttaš fáddágilkora!
|
MARC
| LEADER | 00000nam^a2200000^a^4500 | ||
|---|---|---|---|
| 001 | 000127383 | ||
| 005 | 20250521000000.0 | ||
| 009 | 20260310094758.942 | ||
| 037 | |a Acervo ITESO - Biblioteca | ||
| 041 | |a ESP | ||
| 082 | |a 940. 544 |b BEK | ||
| 100 | |a Bekker, Cajus |e (autor) | ||
| 245 | 1 | 3 | |a La Luftwaffe : |b cota de ataque 4.000 / |c C. Bekker ; pról. de Paul Diechmann ; tr. por José Luis Yarza Oñate. |
| 250 | |a 2a edición | ||
| 264 | 4 | |a Barcelona, España : |b Bruguera, |c 1968, c1968 | |
| 300 | |a 603 p. | ||
| 336 | |a texto |b txt |2 rdacontenido | ||
| 337 | |a sin mediación |b n |2 rdamedio | ||
| 338 | |a volumen |b nc |2 rdasoporte | ||
| 440 | 1 | |a (Círculo Azul) | |
| 649 | |a XX | ||
| 650 | |a Guerra Aérea | ||
| 650 | |a Guerra Mundial (Segunda), 1939-1945 - |x Historia | ||
| 650 | |a Fuerza Aérea - |z Alemania - |x Historia | ||
| 650 | |a Alemania - |x Historia - |y Tercer Reich, 1933-1945 | ||
| 650 | |a Historia Moderna - |y Siglo XX | ||
| 650 | |a Historia Universal | ||
| 910 | |a Fondo Salvador Reynoso Reynoso | ||
| 920 | |a Impresos - Libros | ||
| 930 | |a Fondos Especiales | ||
| 905 | |a 112 | ||
| 901 | |a 0800009164 |b IT2 |c ESP |u 20250521 | ||
| 902 | |a https://opac.biblio.iteso.mx/vufind/Record/000127383 | ||